000
00301nam a22001217a 4500
008
181016b xxu||||| |||| 00| 0 eng d
041
_a
eng
080
_2
5 ED
_a
159.9
100
_a
50
101
_a
PSI
245
_a
Clinical Handbook Of Psychological Disorders
_c
Barlow.D.H
942
_2
udc
_c
BK
999
_c
49828
_d
49828